01419nam a2200253 a 4500001001000000003000900010005001700019007000300036008004100039040002500080082002500105100002800130245020200158246005600360260005900416300003500475490003400510500005700544504003100601505041000632650006201042700002701104700003401131000045287DO-SdBNP20230327144422.0ta150224s1986 dr ac r 000 0 spa d aDO-SdBNPbspacBNPHU 4a720.97293bC162a2221 aCalventi, Rafael,d193210aArquitectura contemporánea en República Dominicana =bContemporary architecture in the Dominican Republic /cRafael Calventi; fotografías, Onorio Montas; traducción Arturo Calventi Thomen.13aContemporary architecture in the Dominican Republic aSanto Domingo :bBanco Nacional de la Vivienda,c1986. a222 p. :bil., fots. ;c29 cm.0 aBanco Nacional de la Vivienda aIncluye datos biográficos del autor en las solapas aBibliografía: p. 221-222 aIntroducción --tHistoria --tUn breve discurso sobre la arquitectura en la historia dominicana : (1492-1965) / rGustavo L. Moré, Arquiecto --tProyectos --tCasas unifamiliares y de vacaciones --tCasas multifamiliares --tHoteles --tArte y cultura --tIglesias --tDeporte --tOficinas y bancos --tCentros comerciales y administrativos --tHospitales --tMiscelánea -- tNotas bibliográficas 4aArquitecturazRepública DominicanaxHistoria ySiglo XX1 aMontas, Onorio,efots.1 aCalventi Thomen, Arturo,etr.